Species-specific RAPD fingerprints for the closely related Picea mariana and P. rubens (Record no. 69139)

MARC details
000 -LEADER
fixed length control field 00409nam a2200145Ia 4500
100 ## - MAIN ENTRY--AUTHOR NAME
Personal name Perron M
245 #0 - TITLE STATEMENT
Title Species-specific RAPD fingerprints for the closely related Picea mariana and P. rubens
260 ## - PUBLICATION, DISTRIBUTION, ETC. (IMPRINT)
Name of publisher Theoretical and Applied Genetics
Year of publication 1995
300 ## - PHYSICAL DESCRIPTION
Number of Pages 142-149
650 ## - SUBJECT ADDED ENTRY--TOPICAL TERM
Topical Term RAPD
700 ## - ADDED ENTRY--PERSONAL NAME
Personal name Bousquet J
700 ## - ADDED ENTRY--PERSONAL NAME
Personal name Gordon A G
942 ## - ADDED ENTRY ELEMENTS (KOHA)
Koha item type Journals
Holdings
Withdrawn status Lost status Damaged status Not for loan Home library Current library Shelving location Date acquired Serial Enumeration / chronology Koha item type
      Journals RRII Library RRII Library RAPD 17/12/2021 Volume 91, Issue 1 Journals